书目信息 |
| 题名: |
人工智能图像识别项目实践
|
|
| 作者: | 唐林 主编 | |
| 分册: | ||
| 出版信息: | 成都 西南交通大学出版社 2024.07 |
|
| 页数: | 264页 | |
| 开本: | 26cm | |
| 丛书名: | ||
| 单 册: | ||
| 中图分类: | TP391.413 | |
| 科图分类: | ||
| 主题词: | 人工智能--ren gong zhi neng--算法--应用--图象识别 | |
| 电子资源: | ||
| ISBN: | 978-7-5643-9817-0 | |
| 000 | 00890nam0 2200241 450 | |
| 001 | 95961 | |
| 005 | 20250911125942.02 | |
| 010 | @a978-7-5643-9817-0@dCNY45.00 | |
| 100 | @a20241106d2024 em y0chiy50 ea | |
| 101 | 0 | @achi |
| 102 | @aCN@b510000 | |
| 105 | @aa a 000yy | |
| 106 | @ar | |
| 200 | 1 | @a人工智能图像识别项目实践@Aren gong zhi neng tu xiang shi bie xiang mu shi jian@f主编唐林 |
| 210 | @a成都@c西南交通大学出版社@d2024.07 | |
| 215 | @a264页@c图@d26cm | |
| 320 | @a有书目 (第264页) | |
| 330 | @a本书共7个项目, 主要内容包括: 工业零件图像处理、农业病虫害图像数据增强、动漫自动设计图像标注、宠物管理猫狗检测、自动驾驶行人检测、智慧社区交通工具检测、节能洗车房车牌识别。 | |
| 606 | 0 | @a人工智能@Aren gong zhi neng@x算法@x应用@x图象识别 |
| 690 | @aTP391.413@v5 | |
| 701 | 0 | @a唐林@Atang lin@4主编 |
| 801 | 0 | @aCN@c20250909 |
| 905 | @a河南城建学院图书馆@dTP391.413@eT245@f1 | |
| 人工智能图像识别项目实践/主编唐林.-成都:西南交通大学出版社,2024.07 |
| 264页:图;26cm |
| ISBN 978-7-5643-9817-0:CNY45.00 |
| 本书共7个项目, 主要内容包括: 工业零件图像处理、农业病虫害图像数据增强、动漫自动设计图像标注、宠物管理猫狗检测、自动驾驶行人检测、智慧社区交通工具检测、节能洗车房车牌识别。 |
| ● |
| 相关链接 |
|
|
|
正题名:人工智能图像识别项目实践
索取号:TP391.413/T245
 
预约/预借
| 序号 | 登录号 | 条形码 | 馆藏地/架位号 | 状态 | 备注 |
| 1 | 1630096 | 216300964 | 自科库301/301自科库 106排1列3层/ [索取号:TP391.413/T245] | 在馆 |